00697 2200253 4500001002100000005001700021008004100038020001600079035002400095040001200119082001100131084001700142090002100159100002300180245006300203250001100266260004000277300003300317650002800350700001700378850001200395990001800407990001800425INLIS00000000002399520161107111831.0  a97996590179 0010-111600000000249 aYOPDYOG a813.01 a813.01 Bus Z aBTR 813.01 Bus Z aBustan Basir Maras aZiarah Mandarc/ Bustan Basir Maras ; editor, Otto Sukatno aCet. 4 aYogyakartabGoeboek Indonesiac2010 axiv, 168 hlm.bilus.c19 cm. aCerita Pendek Indonesia aOtto Sukatno aYOPDYOG a53212-PD/A.16 a53213-PD/A.16